000 00710nam a2200217Ia 4500
003 GCL
008 140319s9999 xx 000 0 ara d
040 _aGCL /
_cGCL
082 0 4 _a338.9
_bا ف
100 1 _aاسماعيل صبرى عبدالله
245 1 0 _aقضايا اساسية فى السياسة الاقتصادية /
_cاسماعيل صبرى عبدالله
260 _a[S.N] :
_bمنتدى العالم الثالث. مكتب الشرق الاوسط ،
_c1994
300 _a194 ص
490 _a
650 0 4 _aمصر
650 0 4 _aالاحوال الاقتصادية
650 0 4 _aالبطالة
650 0 4 _aالاسكان
650 0 4 _aالقوى العاملة
942 _2ddc
_cBK
999 _c35964
_d35964